000 01455nam a2200361Ia 4500
001 ebr10660185
003 CaPaEBR
006 m u
007 cr cn|||||||||
008 090402s2009 nyua sb 001 0 eng d
010 _z 2009011428
020 _z9781608767274
020 _z9781606922873 (hardcover : alk. paper)
020 _z1606922874 (hardcover : alk. paper)
040 _aCaPaEBR
_cCaPaEBR
035 _a(OCoLC)763327268
050 1 4 _aBF637.M45
_bM46 2009eb
082 0 4 _a658.3/124
_222
245 0 0 _aMentoring
_h[electronic resource] :
_bprogram development, relationships, and outcomes /
_cMichael I. Keel, editor.
260 _aNew York :
_bNova Science Publishers,
_cc2009.
300 _ax, 183 p. :
_bill.
490 1 _aEducation in a competitive and globalizing world series
504 _aIncludes bibliographical references and index.
533 _aElectronic reproduction.
_bPalo Alto, Calif. :
_cebrary,
_d2013.
_nAvailable via World Wide Web.
_nAccess may be limited to ebrary affiliated libraries.
650 0 _aMentoring.
650 0 _aMentoring in business.
650 0 _aEmployees
_xCoaching of.
655 7 _aElectronic books.
_2local
700 1 _aKeel, Michael I.
710 2 _aebrary, Inc.
830 0 _aEducation in a competitive and globalizing world series.
856 4 0 _uhttp://site.ebrary.com/lib/rucke/Doc?id=10660185
_zAn electronic book accessible through the World Wide Web; click to view
999 _c170192
_d170192